000 00800nam a2200241Ia 4500
003 GCL
008 140319s9999 xx 000 0 ara d
020 _a9223172977
040 _aGCL /
_cGCL
082 0 4 _aق
_b962.048
_bم س
100 1 _aمحسن محمد
245 1 0 _aسعد زغلول مولد ثورة :
_bمولد ثورة بالوثائق البريطانية و الامريكية /
_cمحسن محمد
260 _aالقاهرة :
_bمكتبة غريب ،
_c1988
300 _a303 ص ؛
_c24 سم
490 _a
650 0 4 _aالعصر الحديث
650 0 4 _aمصر
650 0 4 _aتاريخ
650 0 4 _aالاحتلال البريطانى
650 0 4 _aسعد زغلول
650 0 4 _aمصر - تاريخ - العصر الحديث - ثورة 1919
942 _2ddc
_cBK
999 _c35834
_d35834